| 000 | 00685nam a2200205 a 4500 | ||
|---|---|---|---|
| 001 | 10829 | ||
| 003 | CO-ViMGA | ||
| 008 | 141112s2004 ck r 000 u spa d | ||
| 020 | _a9589057454 | ||
| 040 |
_aCO-ViMGA _bspa _cCO-ViMGA |
||
| 082 | 0 | 4 | _a615.882 S28b |
| 100 | 1 |
_aSchultes ; Richard Evans , _914798 |
|
| 245 | 1 | 0 |
_aEl Bejuco del alma : _bLos medicos tradicionales de la Amazonia colombiana, sus plantas y sus rituales |
| 260 |
_aSantafé de Bogotá : _bBanco de la República, _cDepartamento Editorial, _c1992 |
||
| 300 | _a284p. : il. | ||
| 590 | _aEjemplares : 2 | ||
| 650 | 1 | 4 |
_aMEDICINA INDIGENA - COLOMBIA _914799 |
| 650 | 1 | 4 |
_aMEDICINA NATURAL _914800 |
| 942 |
_2ddc _cBK |
||
| 999 |
_c22049 _d22049 |
||